[Event "DEM U10 2023"]
[Site "Willingen GER"]
[Date "2023.06.03"]
[Round "11"]
[White "Belin, Anton"]
[Black "Zargaran, Sepas"]
[Result "1-0"]
[Termination "normal"]
[Board "8"]
[WhiteElo "1662"]
[BlackElo "1540"]
[WhiteClock "01:13:08"]
[BlackClock "00:13:04"]
[PlyCount "53"]
[WhiteFideId "34610952"]
[BlackFideId "34625275"]
[EventCountry "GER"]
[EventRounds "11"]
[EventType "swiss"]
[EventDate "2023.05.27"]

1. e4 {[%clk 01:15:56]} {[%emt 00:00:02]} c5 {[%clk 01:15:54]} {[%emt
00:00:07]} 2. Nc3 {[%clk 01:16:18]} {[%emt 00:00:08]} Nc6 {[%clk 01:16:18]}
{[%emt 00:00:07]} 3. Bb5 {[%clk 01:16:34]} {[%emt 00:00:14]} Nd4 {[%clk
01:16:42]} {[%emt 00:00:06]} 4. Bc4 {[%clk 01:16:41]} {[%emt 00:00:22]} e6
{[%clk 01:16:54]} {[%emt 00:00:19]} 5. Nf3 {[%clk 01:16:46]} {[%emt 00:00:23]}
Nf6 {[%clk 01:16:58]} {[%emt 00:00:28]} 6. O-O {[%clk 01:16:48]} {[%emt
00:00:28]} a6 {[%clk 01:15:47]} {[%emt 00:01:39]} 7. d3 {[%clk 01:15:45]}
{[%emt 00:01:33]} b5 {[%clk 01:14:52]} {[%emt 00:01:27]} 8. Bb3 {[%clk
01:15:54]} {[%emt 00:00:20]} d5 {[%clk 01:10:09]} {[%emt 00:05:13]} 9. exd5
{[%clk 01:15:58]} {[%emt 00:00:26]} exd5 {[%clk 01:10:26]} {[%emt 00:00:13]}
10. Nxd4 {[%clk 01:14:56]} {[%emt 00:01:33]} cxd4 {[%clk 01:10:26]} {[%emt
00:00:28]} 11. Nxd5 {[%clk 01:14:00]} {[%emt 00:01:27]} Nxd5 {[%clk 01:09:48]}
{[%emt 00:01:08]} 12. Qh5 {[%clk 01:13:25]} {[%emt 00:01:04]} Bb7 {[%clk
00:59:27]} {[%emt 00:10:51]} 13. Re1+ {[%clk 01:13:29]} {[%emt 00:00:27]} Be7
{[%clk 00:59:04]} {[%emt 00:00:50]} 14. Bg5 {[%clk 01:13:33]} {[%emt 00:00:29]}
O-O {[%clk 00:57:16]} {[%emt 00:02:16]} 15. Rxe7 {[%clk 01:13:42]} {[%emt
00:00:24]} Nxe7 {[%clk 00:57:01]} {[%emt 00:00:45]} 16. Re1 {[%clk 01:14:02]}
{[%emt 00:00:09]} g6 {[%clk 00:40:54]} {[%emt 00:16:37]} 17. Qh3 {[%clk
01:11:16]} {[%emt 00:03:15]} Qc8 {[%clk 00:22:34]} {[%emt 00:18:46]} 18. Rxe7
{[%clk 01:10:57]} {[%emt 00:00:53]} Qxh3 {[%clk 00:22:09]} {[%emt 00:00:56]}
19. gxh3 {[%clk 01:11:22]} {[%emt 00:00:06]} Bf3 {[%clk 00:16:32]} {[%emt
00:06:06]} 20. Bh6 {[%clk 01:11:09]} {[%emt 00:00:43]} Rfd8 {[%clk 00:15:30]}
{[%emt 00:01:22]} 21. Bxf7+ {[%clk 01:11:10]} {[%emt 00:00:39]} Kh8 {[%clk
00:14:49]} {[%emt 00:01:08]} 22. Be6 {[%clk 01:11:35]} {[%emt 00:00:08]} Rg8
{[%clk 00:13:02]} {[%emt 00:02:15]} 23. Bf4 {[%clk 01:11:46]} {[%emt 00:00:21]}
Rg7 {[%clk 00:13:00]} {[%emt 00:00:32]} 24. Be5 {[%clk 01:12:10]} {[%emt
00:00:06]} h5 {[%clk 00:12:32]} {[%emt 00:00:58]} 25. Rxg7 {[%clk 01:12:31]}
{[%emt 00:00:09]} Rg8 {[%clk 00:12:46]} {[%emt 00:00:16]} 26. Rxg8+ {[%clk
01:12:46]} {[%emt 00:00:15]} Kh7 {[%clk 00:13:04]} {[%emt 00:00:13]} 27. Rh8#
{[%clk 01:13:08]} {[%emt 00:00:07]} 1-0

[Event "DEM U10 2023"]
[Site "Willingen GER"]
[Date "2023.06.03"]
[Round "11"]
[White "Lange, Fynn Jeremy"]
[Black "Meitzner, Jonathan Franz"]
[Result "1-0"]
[Termination "normal"]
[Board "9"]
[WhiteElo "1616"]
[BlackElo "1314"]
[WhiteClock "00:21:36"]
[BlackClock "00:01:01"]
[PlyCount "51"]
[WhiteFideId "34616365"]
[BlackFideId "34616110"]
[EventCountry "GER"]
[EventRounds "11"]
[EventType "swiss"]
[EventDate "2023.05.27"]

1. c4 {[%clk 01:15:00]} {[%emt 00:00:57]} e5 {[%clk 01:15:45]} {[%emt
00:00:18]} 2. g3 {[%clk 01:14:30]} {[%emt 00:00:57]} Nf6 {[%clk 01:15:44]}
{[%emt 00:00:34]} 3. Bg2 {[%clk 01:13:30]} {[%emt 00:01:29]} c6 {[%clk
01:15:59]} {[%emt 00:00:16]} 4. d4 {[%clk 01:10:00]} {[%emt 00:03:57]} exd4
{[%clk 01:15:27]} {[%emt 00:01:05]} 5. Qxd4 {[%clk 01:08:46]} {[%emt 00:01:42]}
d5 {[%clk 01:15:19]} {[%emt 00:00:40]} 6. cxd5 {[%clk 01:07:00]} {[%emt
00:02:15]} cxd5 {[%clk 01:15:31]} {[%emt 00:00:20]} 7. Nf3 {[%clk 01:04:00]}
{[%emt 00:03:25]} Nc6 {[%clk 01:14:32]} {[%emt 00:01:34]} 8. Qa4 {[%clk
01:02:30]} {[%emt 00:02:00]} Bd7 {[%clk 01:13:16]} {[%emt 00:01:46]} 9. O-O
{[%emt 00:12:09]} Be7 {[%clk 01:04:13]} {[%emt 00:00:10]} 10. Nc3 {[%clk
00:52:14]} {[%emt 00:08:28]} O-O {[%clk 01:00:46]} {[%emt 00:03:58]} 11. Rd1
{[%clk 00:49:39]} {[%emt 00:03:03]} Nb4 {[%clk 00:59:23]} {[%emt 00:01:55]} 12.
Qb3 {[%clk 00:47:45]} {[%emt 00:02:24]} a5 {[%clk 00:47:39]} {[%emt 00:12:15]}
13. a4 {[%clk 00:42:28]} {[%emt 00:05:46]} Bc5 {[%clk 00:42:52]} {[%emt
00:05:16]} 14. Bg5 {[%clk 00:38:39]} {[%emt 00:04:18]} d4 {[%clk 00:35:45]}
{[%emt 00:07:39]} 15. Bxf6 {[%clk 00:33:47]} {[%emt 00:05:22]} gxf6 {[%clk
00:29:48]} {[%emt 00:06:28]} 16. Nxd4 {[%clk 00:32:25]} {[%emt 00:01:51]} Qb6
{[%clk 00:28:34]} {[%emt 00:01:44]} 17. e3 {[%clk 00:30:43]} {[%emt 00:02:11]}
Rad8 {[%clk 00:22:06]} {[%emt 00:06:58]} 18. Ne4 {[%clk 00:26:46]} {[%emt
00:04:28]} Bg4 {[%clk 00:17:03]} {[%emt 00:05:32]} 19. Nf3 {[%clk 00:22:12]}
{[%emt 00:05:04]} Bf5 {[%clk 00:03:49]} {[%emt 00:15:24]} 20. Nxc5 {[%clk
00:20:42]} {[%emt 00:02:03]} Bc2 {[%clk 00:02:57]} {[%emt 00:01:22]} 21. Rxd8
{[%clk 00:21:02]} {[%emt 00:00:10]} Rxd8 {[%clk 00:00:37]} {[%emt 00:02:50]}
22. Qc4 {[%clk 00:20:45]} {[%emt 00:00:45]} Rc8 {[%clk 00:00:32]} {[%emt
00:00:37]} 23. Qg4+ {[%clk 00:21:06]} {[%emt 00:00:08]} Bg6 {[%clk 00:00:32]}
{[%emt 00:00:30]} 24. Qxc8+ {[%clk 00:21:28]} {[%emt 00:00:08]} Kg7 {[%clk
00:00:58]} {[%emt 00:00:05]} 25. Nd7 {[%clk 00:21:13]} {[%emt 00:00:44]} Qe6
{[%clk 00:01:01]} {[%emt 00:00:27]} 26. Qf8# {[%clk 00:21:36]} {[%emt
00:00:07]} 1-0

[Event "DEM U10 2023"]
[Site "Willingen GER"]
[Date "2023.06.03"]
[Round "11"]
[White "Teng, David"]
[Black "Hoppe, Arthur"]
[Result "1-0"]
[Termination "normal"]
[Board "10"]
[WhiteElo "1554"]
[BlackElo "1430"]
[WhiteClock "00:35:24"]
[BlackClock "00:54:04"]
[PlyCount "59"]
[WhiteFideId "34604570"]
[BlackFideId "34618910"]
[EventCountry "GER"]
[EventRounds "11"]
[EventType "swiss"]
[EventDate "2023.05.27"]

1. e4 {[%clk 01:15:59]} {[%emt 00:00:01]} c5 {[%clk 01:15:57]} {[%emt
00:00:03]} 2. Nf3 {[%clk 01:16:24]} {[%emt 00:00:05]} e6 {[%clk 01:16:23]}
{[%emt 00:00:04]} 3. d4 {[%clk 01:16:44]} {[%emt 00:00:10]} cxd4 {[%clk
01:16:49]} {[%emt 00:00:04]} 4. Nxd4 {[%clk 01:17:12]} {[%emt 00:00:02]} Nf6
{[%clk 01:17:11]} {[%emt 00:00:07]} 5. Nc3 {[%clk 01:17:10]} {[%emt 00:00:32]}
d6 {[%clk 01:17:29]} {[%emt 00:00:13]} 6. Bg5 {[%clk 01:17:09]} {[%emt
00:00:31]} a6 {[%clk 01:17:55]} {[%emt 00:00:05]} 7. Qf3 {[%clk 01:17:02]}
{[%emt 00:00:35]} Be7 {[%clk 01:18:16]} {[%emt 00:00:10]} 8. O-O-O {[%clk
01:16:40]} {[%emt 00:00:51]} Nbd7 {[%clk 01:17:27]} {[%emt 00:01:19]} 9. a3
{[%clk 01:15:44]} {[%emt 00:01:27]} Qc7 {[%clk 01:17:19]} {[%emt 00:00:37]} 10.
Qg3 {[%clk 01:16:07]} {[%emt 00:00:08]} b6 {[%clk 01:15:32]} {[%emt 00:02:18]}
11. Bd3 {[%clk 01:12:36]} {[%emt 00:04:00]} Bb7 {[%clk 01:13:36]} {[%emt
00:02:26]} 12. Rhe1 {[%clk 01:11:39]} {[%emt 00:01:27]} O-O {[%clk 01:12:23]}
{[%emt 00:01:42]} 13. f4 {[%clk 01:09:48]} {[%emt 00:02:23]} Rac8 {[%clk
01:10:00]} {[%emt 00:02:52]} 14. e5 {[%clk 01:05:44]} {[%emt 00:04:33]} dxe5
{[%clk 01:07:45]} {[%emt 00:02:46]} 15. fxe5 {[%clk 01:05:36]} {[%emt
00:00:39]} Nh5 {[%clk 01:07:38]} {[%emt 00:00:36]} 16. Bxh7+ {[%clk 00:58:21]}
{[%emt 00:07:45]} Kxh7 {[%clk 01:07:55]} {[%emt 00:00:14]} 17. Qd3+ {[%clk
00:58:40]} {[%emt 00:00:10]} g6 {[%clk 01:07:49]} {[%emt 00:00:35]} 18. Bxe7
{[%clk 00:57:45]} {[%emt 00:01:26]} Nxe5 {[%clk 01:07:44]} {[%emt 00:00:34]}
19. Qh3 {[%clk 00:53:02]} {[%emt 00:05:13]} Qxe7 {[%clk 01:03:20]} {[%emt
00:04:54]} 20. Rxe5 {[%clk 00:51:06]} {[%emt 00:02:26]} Qf6 {[%clk 01:03:09]}
{[%emt 00:00:42]} 21. Rde1 {[%clk 00:41:58]} {[%emt 00:09:38]} Qf4+ {[%clk
01:00:47]} {[%emt 00:02:51]} 22. Kb1 {[%clk 00:41:20]} {[%emt 00:01:09]} Qxd4
{[%clk 00:54:51]} {[%emt 00:06:25]} 23. g4 {[%clk 00:41:29]} {[%emt 00:00:22]}
Kg7 {[%clk 00:55:09]} {[%emt 00:00:12]} 24. gxh5 {[%clk 00:40:34]} {[%emt
00:01:25]} Rh8 {[%clk 00:55:25]} {[%emt 00:00:14]} 25. Qg3 {[%clk 00:39:52]}
{[%emt 00:01:11]} Rh6 {[%clk 00:55:09]} {[%emt 00:00:46]} 26. hxg6 {[%clk
00:35:52]} {[%emt 00:04:31]} Rxg6 {[%clk 00:55:22]} {[%emt 00:00:18]} 27. Rg5
{[%clk 00:36:06]} {[%emt 00:00:13]} Qf6 {[%clk 00:53:37]} {[%emt 00:02:17]} 28.
Rxg6+ {[%clk 00:35:18]} {[%emt 00:01:18]} Qxg6 {[%clk 00:53:54]} {[%emt
00:00:13]} 29. Qf2 {[%clk 00:35:21]} {[%emt 00:00:20]} b5 {[%clk 00:54:04]}
{[%emt 00:00:27]} 30. Rg1 {[%clk 00:35:24]} {[%emt 00:00:26]} 1-0

[Event "DEM U10 2023"]
[Site "Willingen GER"]
[Date "2023.06.03"]
[Round "11"]
[White "Becker, Linus"]
[Black "Aguike, Toshiya"]
[Result "1/2-1/2"]
[Termination "normal"]
[Board "11"]
[WhiteElo "1445"]
[BlackElo "1490"]
[WhiteClock "00:24:47"]
[BlackClock "00:23:32"]
[PlyCount "68"]
[WhiteFideId "34614958"]
[BlackFideId "34611347"]
[EventCountry "GER"]
[EventRounds "11"]
[EventType "swiss"]
[EventDate "2023.05.27"]

1. c4 {[%clk 01:15:59]} {[%emt 00:00:01]} Nf6 {[%clk 01:15:47]} {[%emt
00:00:13]} 2. g3 {[%clk 01:16:23]} {[%emt 00:00:06]} g6 {[%clk 01:16:07]}
{[%emt 00:00:10]} 3. Bg2 {[%clk 01:16:47]} {[%emt 00:00:06]} Bg7 {[%clk
01:16:21]} {[%emt 00:00:16]} 4. Nc3 {[%clk 01:17:09]} {[%emt 00:00:08]} d6
{[%clk 01:16:27]} {[%emt 00:00:22]} 5. e3 {[%clk 01:17:17]} {[%emt 00:00:24]}
Nbd7 {[%clk 01:16:21]} {[%emt 00:00:35]} 6. Nge2 {[%clk 01:17:32]} {[%emt
00:00:15]} e5 {[%clk 01:16:35]} {[%emt 00:00:17]} 7. O-O {[%clk 01:17:52]}
{[%emt 00:00:09]} O-O {[%clk 01:16:59]} {[%emt 00:00:06]} 8. d4 {[%clk
01:18:09]} {[%emt 00:00:13]} Re8 {[%clk 01:16:40]} {[%emt 00:00:49]} 9. b3
{[%clk 01:17:34]} {[%emt 00:01:06]} exd4 {[%clk 01:16:30]} {[%emt 00:00:39]}
10. exd4 {[%clk 01:17:55]} {[%emt 00:00:09]} c5 {[%clk 01:16:23]} {[%emt
00:00:36]} 11. Bf4 {[%clk 01:15:18]} {[%emt 00:03:08]} cxd4 {[%clk 01:12:31]}
{[%emt 00:04:23]} 12. Nb5 {[%clk 01:12:13]} {[%emt 00:03:34]} Nc5 {[%clk
01:04:24]} {[%emt 00:08:37]} 13. Nxd6 {[%clk 01:10:27]} {[%emt 00:02:16]} Re6
{[%clk 01:04:01]} {[%emt 00:00:54]} 14. Nb5 {[%clk 01:08:19]} {[%emt 00:02:38]}
Re7 {[%clk 00:58:19]} {[%emt 00:06:10]} 15. Bd6 {[%clk 01:06:00]} {[%emt
00:02:49]} Rxe2 {[%clk 00:57:39]} {[%emt 00:01:10]} 16. Qxe2 {[%clk 01:04:21]}
{[%emt 00:02:10]} Ne6 {[%clk 00:51:40]} {[%emt 00:06:28]} 17. Be5 {[%clk
01:03:46]} {[%emt 00:01:07]} a6 {[%clk 00:49:15]} {[%emt 00:02:56]} 18. Na3
{[%clk 01:03:34]} {[%emt 00:00:39]} Qa5 {[%clk 00:46:09]} {[%emt 00:03:38]} 19.
Bxf6 {[%clk 01:01:15]} {[%emt 00:02:49]} Bxf6 {[%clk 00:46:22]} {[%emt
00:00:17]} 20. Qb2 {[%clk 01:00:51]} {[%emt 00:00:53]} Kg7 {[%clk 00:46:00]}
{[%emt 00:00:52]} 21. b4 {[%clk 01:00:52]} {[%emt 00:00:30]} Qa4 {[%clk
00:45:24]} {[%emt 00:01:07]} 22. Qb3 {[%clk 01:01:05]} {[%emt 00:00:16]} Bd7
{[%clk 00:45:38]} {[%emt 00:00:16]} 23. Qxa4 {[%clk 00:59:17]} {[%emt
00:02:17]} Bxa4 {[%clk 00:45:52]} {[%emt 00:00:16]} 24. c5 {[%clk 00:59:14]}
{[%emt 00:00:33]} d3 {[%clk 00:46:08]} {[%emt 00:00:15]} 25. Rad1 {[%clk
00:49:40]} {[%emt 00:10:03]} Bxd1 {[%clk 00:46:24]} {[%emt 00:00:14]} 26. Rxd1
{[%clk 00:50:00]} {[%emt 00:00:10]} a5 {[%clk 00:42:35]} {[%emt 00:04:19]} 27.
Bxb7 {[%clk 00:46:37]} {[%emt 00:03:53]} Rb8 {[%clk 00:42:37]} {[%emt
00:00:28]} 28. c6 {[%clk 00:46:47]} {[%emt 00:00:21]} axb4 {[%clk 00:42:27]}
{[%emt 00:00:39]} 29. Nb5 {[%clk 00:47:08]} {[%emt 00:00:09]} Bd8 {[%clk
00:42:20]} {[%emt 00:00:37]} 30. Rxd3 {[%clk 00:47:05]} {[%emt 00:00:33]} Kf8
{[%clk 00:41:21]} {[%emt 00:01:29]} 31. Rd1 {[%clk 00:36:31]} {[%emt 00:11:04]}
Nc5 {[%clk 00:37:46]} {[%emt 00:04:04]} 32. Kg2 {[%clk 00:32:53]} {[%emt
00:04:09]} Ke7 {[%clk 00:31:15]} {[%emt 00:06:56]} 33. Kf3 {[%clk 00:26:35]}
{[%emt 00:06:52]} Bb6 {[%clk 00:27:03]} {[%emt 00:04:41]} 34. Rd5 {[%clk
00:24:47]} {[%emt 00:02:18]} Ne6 {[%clk 00:23:32]} {[%emt 00:04:03]} 1/2-1/2

[Event "DEM U10 2023"]
[Site "Willingen GER"]
[Date "2023.06.03"]
[Round "11"]
[White "Naumann, Lennart"]
[Black "Retzlaff, Nick"]
[Result "0-1"]
[Termination "normal"]
[Board "12"]
[WhiteElo "1537"]
[BlackElo "1523"]
[WhiteClock "00:01:21"]
[BlackClock "00:12:44"]
[PlyCount "70"]
[WhiteFideId "34644830"]
[BlackFideId "34610367"]
[EventCountry "GER"]
[EventRounds "11"]
[EventType "swiss"]
[EventDate "2023.05.27"]

1. e4 {[%clk 01:15:51]} {[%emt 00:00:08]} e5 {[%clk 01:15:52]} {[%emt
00:00:09]} 2. Nf3 {[%clk 01:15:44]} {[%emt 00:00:36]} Nc6 {[%clk 01:15:46]}
{[%emt 00:00:36]} 3. d4 {[%clk 01:15:38]} {[%emt 00:00:36]} exd4 {[%clk
01:15:20]} {[%emt 00:00:56]} 4. Bc4 {[%clk 01:15:41]} {[%emt 00:00:27]} Bc5
{[%clk 01:14:01]} {[%emt 00:01:49]} 5. c3 {[%clk 01:15:45]} {[%emt 00:00:26]}
Nf6 {[%clk 01:14:00]} {[%emt 00:00:31]} 6. cxd4 {[%clk 01:16:05]} {[%emt
00:00:11]} Bb4+ {[%clk 01:14:12]} {[%emt 00:00:18]} 7. Bd2 {[%clk 01:16:20]}
{[%emt 00:00:13]} Nxe4 {[%clk 01:14:19]} {[%emt 00:00:24]} 8. Bxb4 {[%clk
01:16:40]} {[%emt 00:00:10]} Nxb4 {[%clk 01:14:33]} {[%emt 00:00:17]} 9. Bxf7+
{[%clk 01:16:59]} {[%emt 00:00:11]} Kxf7 {[%clk 01:14:53]} {[%emt 00:00:10]}
10. Qb3+ {[%clk 01:17:15]} {[%emt 00:00:13]} d5 {[%clk 01:15:03]} {[%emt
00:00:20]} 11. Ne5+ {[%clk 01:17:23]} {[%emt 00:00:22]} Ke6 {[%clk 01:15:09]}
{[%emt 00:00:24]} 12. Qxb4 {[%clk 01:17:12]} {[%emt 00:00:42]} c5 {[%clk
01:15:29]} {[%emt 00:00:10]} 13. Qa3 {[%clk 01:11:51]} {[%emt 00:05:50]} cxd4
{[%clk 01:14:59]} {[%emt 00:01:00]} 14. Nf3 {[%clk 01:11:21]} {[%emt 00:01:00]}
Rf8 {[%clk 01:12:49]} {[%emt 00:02:39]} 15. Nxd4+ {[%clk 01:07:30]} {[%emt
00:04:22]} Kf7 {[%clk 01:11:52]} {[%emt 00:01:26]} 16. O-O {[%clk 01:05:20]}
{[%emt 00:02:41]} Kg8 {[%clk 01:11:08]} {[%emt 00:01:14]} 17. Qe3 {[%clk
00:59:41]} {[%emt 00:06:08]} Qb6 {[%clk 01:08:12]} {[%emt 00:03:27]} 18. Nc3
{[%clk 00:56:36]} {[%emt 00:03:35]} Nxc3 {[%clk 01:02:36]} {[%emt 00:06:07]}
19. bxc3 {[%clk 00:56:47]} {[%emt 00:00:19]} Qg6 {[%clk 01:00:16]} {[%emt
00:02:48]} 20. Rae1 {[%clk 00:48:52]} {[%emt 00:08:24]} Bg4 {[%clk 00:56:13]}
{[%emt 00:04:36]} 21. Qe5 {[%clk 00:47:22]} {[%emt 00:01:59]} Rad8 {[%clk
00:52:38]} {[%emt 00:04:04]} 22. Qg3 {[%clk 00:46:34]} {[%emt 00:01:19]} Rfe8
{[%clk 00:48:00]} {[%emt 00:05:08]} 23. h3 {[%clk 00:35:34]} {[%emt 00:11:29]}
Bh5 {[%clk 00:47:45]} {[%emt 00:00:44]} 24. Qc7 {[%clk 00:33:43]} {[%emt
00:02:23]} Qf7 {[%clk 00:47:30]} {[%emt 00:00:45]} 25. Qa5 {[%clk 00:21:54]}
{[%emt 00:12:19]} a6 {[%clk 00:41:45]} {[%emt 00:06:16]} 26. Re3 {[%clk
00:16:29]} {[%emt 00:05:54]} Bg6 {[%clk 00:34:16]} {[%emt 00:07:59]} 27. Ne6
{[%clk 00:07:06]} {[%emt 00:09:52]} Rd7 {[%clk 00:24:10]} {[%emt 00:10:37]} 28.
Nc7 {[%clk 00:04:13]} {[%emt 00:03:23]} Rc8 {[%clk 00:23:56]} {[%emt 00:00:44]}
29. Rf3 {[%clk 00:04:30]} {[%emt 00:00:13]} Bf5 {[%clk 00:21:21]} {[%emt
00:03:06]} 30. g4 {[%clk 00:04:28]} {[%emt 00:00:32]} Rcxc7 {[%clk 00:19:04]}
{[%emt 00:02:47]} 31. Rxf5 {[%emt 00:00:18]} Qe6 {[%clk 00:17:55]} {[%emt
00:01:36]} 32. Qb4 {[%clk 00:03:54]} {[%emt 00:01:18]} Qe7 {[%clk 00:17:22]}
{[%emt 00:01:04]} 33. Qb1 {[%clk 00:03:22]} {[%emt 00:01:02]} Qd6 {[%clk
00:14:44]} {[%emt 00:03:08]} 34. Re1 {[%clk 00:01:26]} {[%emt 00:02:26]} Re7
{[%clk 00:14:58]} {[%emt 00:00:16]} 35. Rd1 {[%clk 00:01:21]} {[%emt 00:00:34]}
Re5 {[%clk 00:12:44]} {[%emt 00:02:43]} 0-1

[Event "DEM U10 2023"]
[Site "Willingen GER"]
[Date "2023.06.03"]
[Round "11"]
[White "Shivkumar, Shreyas"]
[Black "Hamann, Friedrich"]
[Result "1/2-1/2"]
[Termination "normal"]
[Board "13"]
[WhiteElo "1394"]
[BlackElo "1404"]
[WhiteClock "00:50:24"]
[BlackClock "00:35:56"]
[PlyCount "59"]
[WhiteFideId "34638407"]
[BlackFideId "34622829"]
[EventCountry "GER"]
[EventRounds "11"]
[EventType "swiss"]
[EventDate "2023.05.27"]

1. e4 {[%clk 01:15:59]} c6 {[%clk 01:15:46]} {[%emt 00:00:14]} 2. d4 {[%clk
01:16:23]} {[%emt 00:00:05]} d5 {[%clk 01:16:11]} {[%emt 00:00:05]} 3. e5
{[%clk 01:16:43]} {[%emt 00:00:10]} c5 {[%clk 01:16:28]} {[%emt 00:00:14]} 4.
Nf3 {[%clk 01:16:54]} {[%emt 00:00:19]} Bg4 {[%clk 01:15:43]} {[%emt 00:01:14]}
5. dxc5 {[%clk 01:16:41]} {[%emt 00:00:43]} e6 {[%clk 01:15:02]} {[%emt
00:01:12]} 6. Be3 {[%clk 01:16:37]} {[%emt 00:00:34]} Nc6 {[%clk 01:14:37]}
{[%emt 00:00:54]} 7. c3 {[%clk 01:15:47]} {[%emt 00:01:21]} Nxe5 {[%clk
01:11:59]} {[%emt 00:03:07]} 8. Qa4+ {[%clk 01:15:47]} {[%emt 00:00:30]} Nc6
{[%clk 01:00:20]} {[%emt 00:12:09]} 9. Qxg4 {[%clk 01:15:38]} {[%emt 00:00:39]}
Nf6 {[%clk 00:59:45]} {[%emt 00:01:06]} 10. Qa4 {[%clk 01:15:14]} {[%emt
00:00:52]} a6 {[%clk 00:58:47]} {[%emt 00:01:30]} 11. Ne5 {[%clk 01:14:58]}
{[%emt 00:00:46]} Rc8 {[%clk 00:57:45]} {[%emt 00:01:31]} 12. Nxc6 {[%clk
01:13:29]} {[%emt 00:02:00]} Rxc6 {[%clk 00:57:26]} {[%emt 00:00:48]} 13. Na3
{[%clk 01:12:10]} {[%emt 00:01:50]} Be7 {[%clk 00:55:52]} {[%emt 00:02:03]} 14.
O-O-O {[%clk 01:11:47]} {[%emt 00:00:54]} Nd7 {[%clk 00:51:35]} {[%emt
00:04:47]} 15. b4 {[%clk 01:09:22]} {[%emt 00:02:55]} O-O {[%clk 00:51:13]}
{[%emt 00:00:52]} 16. h4 {[%clk 01:07:01]} {[%emt 00:02:51]} Bf6 {[%clk
00:50:45]} {[%emt 00:00:58]} 17. Bd4 {[%clk 01:06:40]} {[%emt 00:00:51]} Bxh4
{[%clk 00:50:06]} {[%emt 00:01:09]} 18. Qc2 {[%clk 01:06:02]} {[%emt 00:01:08]}
Bg5+ {[%clk 00:50:00]} {[%emt 00:00:36]} 19. Be3 {[%clk 01:05:57]} {[%emt
00:00:35]} h6 {[%clk 00:50:04]} {[%emt 00:00:25]} 20. f4 {[%clk 01:04:27]}
{[%emt 00:02:01]} Bf6 {[%clk 00:49:54]} {[%emt 00:00:41]} 21. g4 {[%clk
01:04:40]} {[%emt 00:00:17]} g6 {[%clk 00:47:47]} {[%emt 00:02:37]} 22. Rxh6
{[%clk 01:04:47]} {[%emt 00:00:23]} Bg7 {[%clk 00:46:26]} {[%emt 00:01:50]} 23.
Rh1 {[%clk 01:04:05]} {[%emt 00:01:12]} Re8 {[%clk 00:46:01]} {[%emt 00:00:54]}
24. Qh2 {[%clk 01:01:58]} {[%emt 00:02:38]} Kf8 {[%clk 00:45:00]} {[%emt
00:01:30]} 25. Re1 {[%clk 01:01:26]} {[%emt 00:01:03]} Bxc3 {[%clk 00:44:49]}
{[%emt 00:00:41]} 26. f5 {[%clk 01:00:05]} {[%emt 00:01:52]} Qf6 {[%clk
00:38:46]} {[%emt 00:06:32]} 27. Rd1 {[%clk 00:55:16]} {[%emt 00:05:20]} Bxb4
{[%clk 00:38:39]} {[%emt 00:00:37]} 28. Qh6+ {[%clk 00:54:07]} {[%emt
00:01:38]} Qg7 {[%clk 00:38:04]} {[%emt 00:01:05]} 29. Nc2 {[%clk 00:50:27]}
{[%emt 00:04:11]} Bxc5 {[%clk 00:35:56]} {[%emt 00:02:38]} 30. Qh8+ {[%clk
00:50:24]} {[%emt 00:00:33]} 1/2-1/2